000 00575nam a2200181Ia 4500
005 20250508151936.0
008 008 250505s9999 xx 000 0 eng d
037 _aReference
040 _aFEDL
_beng
_cFEDL
041 _aeng
_2eng
084 _a910, BAL
_qFEDL
100 _aBalchin W G V
245 0 _aGeography and man: A practical survey of the life and work of man in relation to his natural environment. 3 Vol
250 _a2nd
260 _aLondon, UK
_bThe New Era Publishing Company Limited
942 _cREF
_h910, BAL
999 _c1333113
_d1333113